|
|
|
|
| LEADER |
00000naa0a2200000 4500 |
| 001 |
595843 |
| 005 |
20250312161924.0 |
| 035 |
|
|
|a (RuTPU)RU\TPU\tpu\17685
|
| 035 |
|
|
|a RU\TPU\tpu\17599
|
| 090 |
|
|
|a 595843
|
| 100 |
|
|
|a 20100618d1981 k||y0rusy50 ba
|
| 101 |
0 |
|
|a eng
|
| 102 |
|
|
|a RU
|
| 200 |
1 |
|
|a Delay of pulsed breakdown of liquid helium
|f V. V. Baraboshkin, A. N. Didenko, Y. G. Yushkov
|
| 333 |
|
|
|a В фонде НТБ ТПУ отсутствует
|
| 461 |
|
|
|t Soviet Technical Physics Letters
|
| 463 |
|
|
|t Vol. 7, № 2
|v P. 81-82
|d 1981
|
| 610 |
1 |
|
|a труды учёных ТПУ
|
| 700 |
|
1 |
|a Baraboshkin
|b V. V.
|4 070
|
| 701 |
|
1 |
|a Didenko
|b A. N.
|c physicist
|c Professor of Tomsk Polytechnic University (until 1987)
|c adviser of the Russian Academy of Sciences
|c Head of the chair of Moscow physical-engineering Institute (since 1988)
|f 1932-
|g Andrei Nikolaevich
|3 (RuTPU)RU\TPU\pers\31870
|
| 701 |
|
1 |
|a Yushkov
|b Y. G.
|c Russian scientist
|c Professor of Tomsk Polytechnic University
|f 1937-
|g Yuri Georgievich
|3 (RuTPU)RU\TPU\pers\25936
|4 070
|
| 801 |
|
0 |
|a RU
|b 63413507
|c 20011210
|g PSBO
|
| 801 |
|
2 |
|a RU
|b 63413507
|c 20141002
|g PSBO
|
| 942 |
|
|
|c CR
|